Добыча полезных ископаемых и геохимия природных экосистем: сборник статей

Bibliographic Details
Other Authors: Соколов В. Е. Владимир Евгеньевич (редактор)
Language:Russian
Published: Москва, Наука, 1982
Subjects:
Format: Book
KOHA link:https://koha.lib.tpu.ru/cgi-bin/koha/opac-detail.pl?biblionumber=97107

MARC

LEADER 00000nam0a2200000 4500
001 97107
005 20231031110804.0
035 |a (RuTPU)RU\TPU\book\104083 
090 |a 97107 
100 |a 20060523d1982 km y0rusy50 ca 
101 0 |a rus 
102 |a RU 
105 |a a z 001zy 
200 1 |a Добыча полезных ископаемых и геохимия природных экосистем  |e сборник статей  |f под ред. В. Е. Соколова 
210 |a Москва  |c Наука  |d 1982 
215 |a 278 с.  |c ил. 
320 |a Библиогр. в конце статей 
610 1 |a полезные ископаемые 
610 1 |a добыча 
610 1 |a окружающая среда 
610 1 |a влияние 
610 1 |a сборники 
610 1 |a экологические системы 
610 1 |a геохимия 
675 |a 622.88  |v 3 
675 |a 574  |v 3 
702 1 |a Соколов  |b В. Е.  |g Владимир Евгеньевич  |4 340 
801 1 |a RU  |b 63413507  |c 20060523  |g PSBO 
801 2 |a RU  |b 63413507  |c 20070626  |g PSBO 
942 |c BK